000 00502nam a22001817a 4500
005 20220429101658.0
008 220429b ||||| |||| 00| 0 eng d
040 _cAL
041 _aEnglish
082 _223
_a305.54162
_bPHAS
100 _aP C Phangcho
_932866
245 _aSabin Alun and other popular legends of the Karbis
260 _bDubori Niyor Creations
_aAssam
_c2002
300 _a55 p.
_bHB
_c21x12 cm.
365 _c
_d₹25.00
700 _aPHANGCHO (P C)
_932867
942 _2ddc
_cGF
999 _c222722
_d222722